MARC

Tag First Indicator Second Indicator Subfields
LEADER 00000cam a2200000 i 4500
001 in00005747621
005 20260326185419.6
006 m o d
007 cr bn||||||ada
008 110301s1974 enka ob 100 0 eng d
040 |a OCLCE  |b eng  |e pn  |c OCLCE  |d OCLCQ  |d UIU  |d OCLCO  |d OCLCQ  |d OCLCF  |d OPELS  |d OCLCO  |d OCL  |d OCLCO  |d OCLCQ  |d OCLCO  |d COM  |d OCLCO  |d OCLCL  |d OCLCO  |d OCLCL  |d OCLCO  |d OCLCL  |d OCLCQ 
019 |a 760911623 
020 |z 0408705809 
020 |z 9780408705806 
035 |a (OCoLC)704460955  |z (OCoLC)760911623 
041 0 |a eng  |a ger 
042 |a dlr 
050 4 |a QD1  |b .I88 1973 vol. 5 
082 0 4 |a 541/.37  |2 23 
049 |a TXAM 
111 2 |a International Congress of Pure and Applied Chemistry  |n (24th :  |d 1973 :  |c Hamburg, Germany) 
245 1 0 |a Applied electrochemistry /  |c XXIVth International Congress of Pure and Applied Chemistry, Hamburg, 1973. 
260 |a London :  |b Butterworths,  |c ©1974. 
300 |a 1 online resource (v, 183 pages) :  |b illustrations 
336 |a text  |b txt  |2 rdacontent 
337 |a computer  |b c  |2 rdamedia 
338 |a online resource  |b cr  |2 rdacarrier 
490 1 |a Its Plenary and main section lectures presented at Hamburg, Federal Republic of Germany, 2-8 September, 1973 ;  |v v. 5 
490 1 |a IUPAC additional publication 
504 |a Includes bibliographical references. 
538 |a Master and use copy. Digital master created according to Benchmark for Faithful Digital Reproductions of Monographs and Serials, Version 1. Digital Library Federation, December 2002.  |u http://purl.oclc.org/DLF/benchrepro0212  |5 MiAaHDL 
583 1 |a digitized  |c 2011  |h HathiTrust Digital Library  |l committed to preserve  |2 pda  |5 MiAaHDL 
588 0 |a Print version record. 
650 0 |a Electrochemistry  |v Congresses. 
650 6 |a Électrochimie  |v Congrès. 
650 7 |a Electrochemistry  |2 fast 
655 7 |a Electronic books.  |2 local 
655 2 |a Congress 
655 7 |a proceedings (reports)  |2 aat 
655 7 |a Conference papers and proceedings  |2 fast 
655 7 |a Conference papers and proceedings.  |2 lcgft 
655 7 |a Actes de congrès.  |2 rvmgf 
710 2 |a ScienceDirect (Online service) 
710 2 |a International Union of Pure and Applied Chemistry.  |1 https://id.oclc.org/worldcat/entity/E39QQPVp7YbqrrP6MYDfy7Fwxt 
710 2 |a Gesellschaft Deutscher Chemiker.  |1 https://id.oclc.org/worldcat/entity/E39QH7JmqVYWVByDXQ9YhYcjxt 
776 0 8 |i Print version:  |a International Congress of Pure and Applied Chemistry (24th : 1973 : Hamburg).  |t Applied electrochemistry.  |d London : Butterworths, ©1974  |w (OCoLC)2538045 
811 2 |a Its.  |t Plenary and main section lectures presented at Hamburg, Federal Republic of Germany, 2-8 September, 1973 ;  |v v. 5. 
810 2 |a International Union of Pure and Applied Chemistry.  |t IUPAC additional publication. 
856 4 0 |u http://proxy.library.tamu.edu/login?url=https://www.sciencedirect.com/science/book/9780408705806  |z Connect to the full text of this electronic book  |t 0 
955 |a Elsevier ScienceDirect 2026-2027 
994 |a 92  |b TXA 
999 f f |i c2a77eb1-a69d-41a6-b68c-c0e7d2dc908e  |s 95e04c4e-5fd0-4771-91d4-eceedf0098ef  |t 0 
952 f f |a Texas A&M University  |b College Station  |c Electronic Resources  |s www_evans  |d Available Online  |t 0  |e QD1 .I88 1973 vol. 5  |h Library of Congress classification 
998 f f |a QD1 .I88 1973 vol. 5  |t 0  |l Available Online